Anagrammes par paires - Histoire - Statistiques

Statistiques générales
  • Ce quiz a été pris 1 315 fois
  • Le résultat moyen est 14 sur 24
Statistiques - réponses
Indices Réponse % Correct
Devise de la France de Vichy : "Travail, Famille, ______" Patrie
95%
Ce qu'était Barbe Noire pirate
94%
Celles de charbon ont fait la richesse du Nord et de la Lorraine mines
90%
Assassiné en mars 44 av. J.-C. César
86%
Ville à la Maison carrée et aux arènes Nîmes
84%
Celui des rois de France se déroulait dans la cathédrale de Reims sacre
83%
Jumeau de Romulus Rémus
82%
Ancien nom de l'Iran chargé d'histoire Perse
74%
Celui de Varsovie fut une alliance pilotée par l'URSS pacte
72%
Outil utilisé par les druides pour couper du gui serpe
72%
Ligne de défense creusée de la Première Guerre mondiale tranchée
72%
Péninsule envahie par la Russie en 2014 Crimée
71%
Roi des Francs de 987 à 996 donnant son nom à une dynastie Capet
66%
Peuple massacré par l'ethnie Hutu Tutsi
62%
Assassiné par Charlotte Corday dans sa baignoire Marat
50%
Empereur romain qui verra l'achèvement du Colisée et l'éruption du Vésuve Titus
47%
Gilgamesh, l'écriture et la cité d'Ur y sont apparus Sumer
36%
La province de l'Angoumois était située dans ce département Charente
34%
Tombe typique du néolithique faite de plusieurs grosses pierres dolmen
32%
Peuple de l'Italie antique vaincu par les romains Étrusque
24%
Un des principaux royaumes anglo-saxons du Moyen-âge Mercie
17%
Femme étant le plus illustre des dirigeants géorgiens Tamar
17%
Il bat Fignon de 8 secondes lors du Tour de France 1989 LeMond
14%
Magistrat et gardien du Trésor public dans la Rome antique questeur
13%
Aucun quiz correspondant
Distribution des résultats
% des personnes avec chaque résultat
Percentile par nombre de réponses
Votre historique - résultats
Vous n’avez pas pris ce quiz